| 000 | 00405nam a2200181Ia 4500 | ||
|---|---|---|---|
| 003 | OSt | ||
| 005 | 20251027142438.0 | ||
| 008 | 250729s1900 xx 000 0 und d | ||
| 040 | _cAL | ||
| 041 | _aeng | ||
| 082 | _a158.1 HERC | ||
| 100 |
_aHarzog Johanna _9223433 |
||
| 245 | _aThe conquist of anxiety | ||
| 260 | _aIreland | ||
| 300 | _a141p | ||
| 650 |
_aPsychology _9223434 |
||
| 942 |
_2ddc _cBED |
||
| 999 |
_c235904 _d235904 |
||